Andreas Wellinger – Multiple-Choice-Quiz - Statistiken

Allgemein
  • Dieses Quiz wurde 19 mal gespielt
  • Das Durchschnittsergebnis liegt bei 5 aus 10
Antwortstatistiken
Frage Antwort % Korrekt
Wo und wann hat Andreas Wellinger die olympische Goldmedaille gewonnen? (Einzel) Pyeongchang 2018
79%
In welchem Verein springt Andreas Wellinger? SC Ruhpolding
74%
In welcher Stadt wurde Andreas Wellinger geboren? Traunstein
74%
Welche Firma wirbt Andreas Wellinger auf seinem Helm? Red Bull
58%
In welchem Jahr wurde Andreas Wellinger geboren? 1995
53%
Wo hat er seinen persönlichen Rekord (245,0 m) aufgestellt? In Vikersund
37%
Welchen Sport betrieb Andreas Wellinger vor dem Skispringen? Norwegische Kombination
37%
In welchem Jahr hat Andreas Wellinger Raw Air gewonnen? 2025
21%
Wo gab Andreas Wellinger sein Debüt im Weltcup? In Lillehammer
16%
Welcher Spieler kommt aus dem gleichen Verein wie Wellinger? Simon Steinbeisser
5%
Keine übereinstimmenden Quizze gefunden
Verteilung der Resultate
Anzahl Personen mit jedem Resultat
Perzentil nach korrekt beantworteten Fragen
Ihre Resultats-Entwicklung
Sie haben dieses Quiz noch nicht gespielt